Statistics for Sandra Bullock Filmography

Click here to take the quiz!

General Stats

  • This quiz has been taken 198 times
    (97 since last reset)
  • The average score is 18 of 55

Answer Stats

TypeYearName% Correct
Film2000Miss Congeniality
94%
Film1994Speed
88%
Film2005Miss Congeniality 2: Armed and Fabulous
88%
Film2009The Blind Side
86%
Film1997Speed 2: Cruise Control
78%
Film2018Ocean's 8
73%
Film2009The Proposal
69%
Film2006The Lake House
63%
Film2002Two Weeks Notice
63%
Film2013Gravity
63%
Film1998Practical Magic
61%
Film2013The Heat
61%
Film1995While You Were Sleeping
61%
Film2018Bird Box
57%
Film1998Hope Floats
53%
Film200028 Days
51%
Film1995The Net
51%
Film1996A Time to Kill
47%
Film1993Demolition Man
45%
Film2009All About Steve
43%
Film1999Forces of Nature
39%
Film2002Murder by Numbers
35%
Film2004Crash
33%
Film2007Premonition
31%
Film2015Minions
31%
Film2015Our Brand Is Crisis
24%
Film1998The Prince of Egypt
24%
Film1992Love Potion No. 9
24%
Film2002Divine Secrets of the Ya-Ya Sisterhood
22%
Film2011Extremely Loud & Incredibly Close
22%
Film1993The Vanishing
18%
Film1996Two If by Sea
18%
TV Show2002-2004George Lopez
18%
Film1996In Love and War
16%
Film1993Fire on the Amazon
16%
TV Show1990Working Girl
14%
Film1993The Thing Called Love
14%
Film1993Wrestling Ernest Hemingway
12%
TV Film1989Bionic Showdown: The Six Million Dollar Man and the Bionic Woman
12%
Film1987Hangmen
10%
Film2000Gun Shy
10%
Short Film1998Making Sandwiches
10%
Film1994Who Do I Gotta Kill?
10%
Film1989Who Shot Patakango?
10%
Film2005Loverboy
8%
Film2006Infamous
8%
Film1993When the Party's Over
8%
Documentary2013The Prime Ministers: The Pioneers
8%
TV Film1989The Preppie Murder
8%
Film1989A Fool and His Money
8%
TV Show1989Starting from Scratch
6%
Theater1988No Time Flat
4%
TV Mini-Series1990Lucky Chances
4%
Production2001Kate & Leopold
2%
FilmTBAUntitled Nora Fingscheidt Project
0%

Score Distribution

Percentile by Number Answered

Percent of People with Each Score

Your Score History

You have not taken this quiz since the last reset